000 00659nam a2200241Ia 4500
003 OSt
005 20231214145509.0
008 210323s9999||||xx |||||||||||||| ||und||
040 _cSTCPL
041 _aENG
082 _a332.4
_bAGY-M
100 _aMehta, Agya Pal
100 _aBhardwaj, Om Prakash
245 0 _aMoney banking and international trade :
_bTheory , policy and institutions /
_cby Agya Pal Mehta and Om Prakash Bhardwaj
260 _aDelhi :
_bVishal Publications ,
300 _a512 p.
_bHB
650 _aEconomics
650 _aMoney
650 _aMonetary systems
650 _aInternational trade
942 _cBK
942 _2ddc
999 _c31142
_d31142